| 000 | 00841nam a22002417a 4500 | ||
|---|---|---|---|
| 003 | OSt | ||
| 005 | 20191029062657.0 | ||
| 008 | 180228b xxu||||| |||| 00| 0 spa d | ||
| 020 | _a9502009118 | ||
| 040 | _cPJ | ||
| 100 |
_914 _aComadira, Julio Rodolfo |
||
| 245 | 1 | 0 |
_aDerecho administrativo / _cJulio R. Comadira, prólogo de Miguel S. Marienhoff. |
| 260 |
_aMadrid : _bAbeledo-Perrot, _c1996. |
||
| 300 |
_a466 p. _c23 cm. |
||
| 500 | _aNotas y citas a pie de página. | ||
| 504 | _aBibliografía: p. 453. | ||
| 505 | _aContenido: Acto administrativo -- Procedimiento administrativo -- Otros estudios. | ||
| 650 | 0 |
_aDERECHO ADMINISTRATIVO _9211 |
|
| 650 | 0 |
_aPROCEDIMIENTO ADMINISTRATIVO _91135 |
|
| 650 | 0 |
_aACTO ADMINISTRATIVO _91171 |
|
| 700 |
_aMarienhoff, Miguel S. _eprologuista _945 |
||
| 942 |
_2udc _cLIB _h342.9 _iCOM |
||
| 999 |
_c1276 _d1276 |
||